000 00359nam a2200157Ia 4500
003 OSt
005 20240306163705.0
008 170523s9999 xx 000 0 und d
020 _a978-0071101042
040 _ciimtu meerut
100 _aMSHANE- VONGLINOU
245 0 _aORGANISATIONAL BEHAVIOR
260 _bMC GRAW HILL
260 _c2002
942 _2ddc
_c02
999 _c1072
_d1072